Football - champion de France par année - clique - Statistiques

Statistiques générales
  • Ce quiz a été pris 969 fois
  • Le résultat moyen est 14 sur 32
Statistiques - réponses
Hint Réponse % Correct
2015 Paris
70%
2022 Paris
69%
2014 Paris
69%
2019 Paris
67%
2018 Paris
66%
2016 Paris
65%
2020 Paris
64%
2013 Paris
62%
2007 Lyon
57%
2006 Lyon
55%
2005 Lyon
55%
2008 Lyon
52%
2004 Lyon
50%
2003 Lyon
50%
2021 Lille
45%
2002 Lyon
45%
2017 Monaco
44%
2012 Montpellier
44%
2010 Marseille
39%
2009 Bordeaux
36%
1992 Marseille
33%
1991 Marseille
32%
1990 Marseille
29%
1998 Lens
28%
1996 Auxerre
27%
2011 Lille
27%
2001 Nantes
25%
1999 Bordeaux
20%
1994 Paris
18%
1995 Nantes
17%
2000 Monaco
15%
1997 Monaco
12%
Aucun quiz correspondant
Distribution des résultats
% des personnes avec chaque résultat
Percentile par nombre de réponses
Votre historique - résultats
Vous n’avez pas pris ce quiz